Đầu tư trực tiếp nước ngoài phục vụ công nghiệp hoá ở Malaixia

Tallennettuna:
Bibliografiset tiedot
Päätekijä: Phùng Xuân Nhạ
Aineistotyyppi: Kirja
Kieli:Vietnamese
Julkaistu: Thế giới 2000
Tagit: Lisää tagi
Ei tageja, Lisää ensimmäinen tagi!
Thư viện lưu trữ: Mạng thư viện Đại học Đà Nẵng
LEADER 00676nam a2200253 4500
001 000020377
003 16822
005 20150317080318.0
008 150317s2000 viesd
020 |c 32000 
041 0 |a vie 
082 1 4 |a 337.595  |b PH-N 
100 1 |a Phùng Xuân Nhạ 
245 1 0 |a Đầu tư trực tiếp nước ngoài phục vụ công nghiệp hoá ở Malaixia  |c Phùng Xuân Nhạ 
260 |b Thế giới  |c 2000 
300 |a tr.  |c cm. 
OWN |a LSP 
999 |a From the UDN01 
TYP |a Monograph 
TYP |a Printed language 
980 |a Mạng thư viện Đại học Đà Nẵng